01427nam a2200349 i 450000100060000000300080000600500170001400600190003100700150005000800410006502000280010602000180013403500220015204000310017405000260020508000150023108200220024610000320026824501350030026401130043530000580054833600290060633700330063533800390066849000330070758800830074065000640082365000660088765500270095383000340098085600630101493160FINmELB20241217172157.0m o d | cr cnu||||||||191028s2017 ck a o 000 0 spa d a9789585414679q(e-book) z9789585414167 a(OCoLC)1129839194 aFINmELBbspaerdacFINmELB14aML3487.C78bP259 2017 a784.4(862)04a781.6409728612231 aParra Valencia, Juan Diego.10aDeconstruyendo el Chucu-Chucu :bauges, declives y resurrecciones de la música tropical colombiana /cJuan Diego Parra Valencia. 1aMedellín, Colombia :bInstituto Tecnológico Metropolitano :bSello Editorial Fondo Editorial ITM,c2017. a1 recurso en línea (248 páginas) :bilustraciones atextobtxt2rdamedia/spa acomputadorabc2rdamedia/spa arecurso en línea2rdacarrier/spa1 aInvestigación científica aDescripción basada en metadatos suministrados por el editor y otras fuentes. 0aPopular musiczColombiazMedellínxHistory and criticism. 4aMúsica popularzColombiazMedellínxHistoria y crítica. 4aLibros electrónicos. 0aInvestigación científica.40uhttps://elibro.net/ereader/politecnicointernacional/105332